Statistics for Even More Musical Acts by Discography

Click here to take the quiz!

General Stats

  • This quiz has been taken 575 times
  • The average score is 5 of 15

Answer Stats

HintAnswer% Correct
The College Dropout (2004), Graduation (2007)Kanye West
68%
Pablo Honey (1993)Radiohead
67%
Signed, Sealed & Delivered(1970), Songs in the Key of Life (1976)Stevie Wonder
66%
FutureSex/LoveSounds (2006)Justin Timberlake
58%
Ray of Light (1998), American Life (2003)Madonna
51%
The Concert for Bangladesh (1971 or 1972), Thirty Three & 1/3 (1976)George Harrison
42%
Love. Angel. Music. Baby. (2004)Gwen Stefani
37%
Double Fantasy (1980)John Lennon and Yoko Ono
36%
Rum Sodomy & the Lash (1985), If I Should Fall from Grace with God (1988)The Pogues
28%
Room for Squares (2001), Heavier Things (2003), Continuum (2006)John Mayer
26%
Life in Cartoon Motion (2007)Mika
23%
Supposed Former Infatuation Junkie (1998)Alanis Morissette
16%
Let It Die (2004), The Reminder (2007), Metals (2011)Feist
13%
Fumbling Towards Ecstasy (1993), Surfacing (1997)Sarah McLachlan
13%
Keep it Hid (2009)Dan Auerbach
5%

Score Distribution

Percentile by Number Answered

Percent of People with Each Score

Your Score History

You have not taken this quiz